Castle : a collection of critical essays (Record no. 2046)
[ view plain ]
| 000 -LEADER | |
|---|---|
| fixed length control field | 00341nam a2200109 4500 |
| 082 ## - DEWEY DECIMAL CLASSIFICATION NUMBER | |
| Classification number | 833.912 |
| Item number | KAF/NEU |
| 245 ## - TITLE STATEMENT | |
| Title | Castle : a collection of critical essays |
| Statement of responsibility, etc. | edited by Peter F. Neumayer |
| 260 ## - PUBLICATION, DISTRIBUTION, ETC. | |
| Place of publication, distribution, etc. | New Jersey |
| Name of publisher, distributor, etc. | Prentice-Hall |
| Date of publication, distribution, etc. | c1969 |
| 300 ## - PHYSICAL DESCRIPTION | |
| Extent | iv,122p. ; 22cm.- |
| 490 ## - SERIES STATEMENT | |
| Series statement | Twentieth century interpretations |
| 710 ## - ADDED ENTRY--CORPORATE NAME | |
| Corporate name or jurisdiction name as entry element | Neumayer, Peter F. |
| Withdrawn status | Lost status | Damaged status | Not for loan | Collection code | Home library | Current library | Date acquired | Total Checkouts | Full call number | Barcode | Date last seen | Price effective from | Koha item type |
|---|---|---|---|---|---|---|---|---|---|---|---|---|---|
| ENGLISH | North Eastern Hill University | North Eastern Hill University | 18/11/2011 | 833.912 KAF/NEU | A727 | 18/11/2011 | 18/11/2011 | Books |
